Ekologický prístup vo vybranom podniku cestovného ruchu bakalárska práca

Na minha lista:
Detalhes bibliográficos
Autor principal: Hrenáková, Daniela
Autor Corporativo: Obchodná fakulta EU. Katedra tovaroznalectva a kvality tovaru
Outros Autores: Kováčová, Natália
Formato: Livro
Idioma:eslovaco
Publicado em: Bratislava 2012
Tags: Adicionar Tag
Sem tags, seja o primeiro a adicionar uma tag!

MARC

LEADER 00000nbm a2200000 4500
001 0154628
005 20161109111855.5
041 0 |a slo 
044 |a SK 
245 1 0 |a Ekologický prístup vo vybranom podniku cestovného ruchu  |b bakalárska práca  |c Daniela Hrenáková ; školiteľ: Natália Kováčová 
264 1 |a Bratislava  |c 2012 
300 |a 66 s. 
100 1 |a Hrenáková, Daniela 
700 1 |a Kováčová, Natália 
710 2 |a Obchodná fakulta EU. Katedra tovaroznalectva a kvality tovaru